01017nam a22001457a 4500003000900000005001700009008004100026040001300067100004500080245002200125260007400147300001200221490003900233520059900272IT-RoPau20220918181222.0140927b xxu||||| |||| 00| 0 eng d cIT-RoPau aIstituto Regina Apostolorum (Apostoline) aSe vuoi... - 1962 aCastelgandolfo (Roma)bIstituto Regina Apostolorum (Apostoline)c1962 c18,5 cm aSe vuoi...vAnno III - N. 1 - 1962 aIndice Anno III – n. 1 Sac. G. Alberione – P. Silvani – D. Carmelo Panebianco – P. Sereno Anno III – n. 2 Sac. G. Alberione – Pio XII – P. Silvani – Lamartine – I. Palma – A. L. – Pio XII – Marcel – G. Verani – S. Giovanni Bosco Anno III – n. 3 D. Alberione – Giovanni XXIII – P. Silvani – D. V. Del Mazza – M. Alberti – G. Romani – F. Muller De Hauser – M. A. Brumamonti – Suor M. J. - P. Sereno Anno III – n. 4 Giovanni XXIII – D. Alberione – Monaco Trappista – P. Silvani – Sheen – J. H. Newman – G. Romani – P. Sereno – R. C.